00533nam a2200181 a 450000100060000000300090000600800410001504000280005608200150008410000300009924500760012925000060020526000580021130000160026965000270028565000260031265000130033812423CO-ViMGA141112s2004 ck r 000 u spa d aCO-ViMGAbspacCO-ViMGA04a696.1 M2431 aMelguizo, Bermudez Samuel10aFundamentos de Hidraulica e instalaciones de abasto en la edificaciones a2 aMedellín : bUniversal Nacional de Colombia, c1995 a383p. : il.14aABASTECIMIENTO DE AGUA14aDISTRIBUCION DEL AGUA14aPLOMERIA